[Event "ESP-chT Primera Division 2019"]
[Site "Linares"]
[Date "2019.08.27"]
[Round "2.10"]
[White "Gonzalez Guedes, Iyan"]
[Black "Oliva Castaneda, Kevel"]
[Result "1-0"]
[WhiteElo "2115"]
[BlackElo "2479"]
[Annotator "TA"]
[PlyCount "141"]
[EventDate "2019.08.26"]
[EventType "team-tourn"]
[EventCountry "ESP"]
[SourceTitle "playchess.com"]
[Source "ChessBase"]
[SourceQuality "1"]

{[%evp 13,141,-8,-8,-6,8,0,6,15,26,0,23,0,43,0,0,0,0,0,0,0,0,0,0,-18,31,0,0,0,0,0,0,0,60,31,40,10,50,38,46,45,52,20,27,15,52,50,114,104,141,141,152,147,267,265,400,227,276,268,747,736,1109,443,1059,1025,1376,1290,1304,902,872,665,833,756,750,746,738,745,752,666,815,803,1251,1202,1084,0,890,795,1165,1145,946,0,773,585,570,575,583,399,607,585,572,579,580,553,641,559,641,562,583,577,578,575,603,613,810,714,1118,1097,1128,1116,1163,1080,1897,1875,2708,2293,4941,4846,29990,29991,29991,29992]} 1. e4 c5 2. c3 Nf6 3. e5 Nd5 4. d4 cxd4 5. Nf3 e6 6. cxd4 d6 7. exd6 Bxd6 8. Bd3 {B22: Sicilian: 2 c3} (8. Nc3 O-O 9. Bd3 Nxc3 10. bxc3 Qc7 11. Qc2 h6 12. O-O b6 13. Bh7+ Kh8 14. Be4 Bb7 15. Bxb7 Qxb7 {0-1 (58) Radjabov,T (2710)-Matlakov,M (2694) Doha 2016}) 8... h6 9. Nc3 Nxc3 (9... Nc6 {seems wilder.} 10. O-O O-O 11. Re1 Bd7 12. a3 Rc8) 10. bxc3 {The position is equal.} Nd7 11. O-O O-O 12. Re1 $146 ({Predecessor:} 12. Qe2 Re8 13. Ne5 Nf6 14. Bd2 Qc7 15. f4 a6 16. g4 Nd5 17. c4 Ne7 18. Rab1 f5 19. g5 hxg5 20. fxg5 Bxe5 21. dxe5 {0-1 (38) Halser,W (2100)-Schroeder,C Leipzig 1999}) 12... Qc7 13. c4 b6 14. Bb2 Bb7 15. h3 Rad8 16. Rc1 Rfe8 17. Bb1 Bf4 18. Rc2 Qd6 19. Qd3 Nc5 20. Qa3 Nd7 $1 21. Qd3 {[#]} Nc5 $1 {[%mdl 512]} 22. Qa3 {[%mdl 64] Double Attack} (22. dxc5 Qxd3) 22... Na6 ({Better is} 22... Nd7 $1 $11) 23. c5 $1 $14 {[%cal Rc5d6]} Qc6 24. Rc4 {Threatens to win with d5!} Nc7 (24... Qb5 $5 {[%cal Rb5c4]} 25. Rc3 bxc5 $14) 25. Bc1 $36 {[%mdl 2048] White is more active.} b5 26. Qd3 f5 ({Wrong is} 26... bxc4 $2 27. Qh7+ Kf8 28. Bxf4 $18) 27. Bxf4 (27. Rc2 {keeps more tension.} Nd5 28. Bd2 b4 29. a3 Bxd2 30. Qxd2 b3 31. Rb2) 27... bxc4 28. Qxc4 {Black must now prevent Bxf5.} Nd5 29. Bd2 {[%mdl 1024] White has compensation.} Rc8 (29... Qc8 $14) 30. Bc2 $16 Ba6 31. Qb3 $1 Rb8 32. Qa3 $1 Rf8 (32... Bb5 $16 {might work better.} 33. Ne5 Qa6) 33. Ne5 $18 Qc8 {[#]} (33... Qb7 $142 34. Rb1 Bb5) 34. Bb3 (34. Bxh6 $142 $1 {[%mdl 512]} Rb7 (34... gxh6 35. Qg3+) 35. Bg5 (35. Qxa6 gxh6 36. Bb3 Rg7 $18)) 34... Rf6 35. c6 {And now Nd7 would win.} Ra8 $2 (35... Rb6 36. Qd6 Qf8) 36. Nd7 Rg6 {[#]} 37. Nc5 (37. Rxe6 $142 $1 {[%mdl 512]} Rxe6 38. Bxd5) 37... Bb5 {[#]} (37... Nc7 $142 38. Bf4 Nb5 39. Qxa6 Nxd4) 38. Rxe6 $1 {[%mdl 576] Remove Defender} Rxe6 39. Bxd5 {[%mdl 64] Pin} Kh8 40. Bxe6 Qxc6 41. Bxf5 Rf8 42. Be4 Qd6 43. Be3 a6 44. Qb3 Re8 45. Qf7 a5 46. Qf5 {[%csl Ge4][%cal Rf5h7]} Kg8 47. Qh7+ Kf7 48. Qf5+ Kg8 $1 49. a4 Bc4 50. Qh7+ Kf7 51. Qf5+ Kg8 52. Qg6 Qxg6 53. Bxg6 Rb8 54. Bd3 Bd5 (54... Bxd3 $142 55. Nxd3 Kf7) 55. Bb5 Kf7 56. Bd2 Ra8 57. Nd7 Bb3 58. Bf4 Ke7 59. Nc5 Bd5 60. f3 g5 61. Be5 h5 62. Ne4 g4 63. Nf6 Be6 64. hxg4 hxg4 65. fxg4 Rc8 66. g5 Kf7 67. Bd3 Rc1+ 68. Kh2 Bc4 69. g6+ Kg7 70. Ng4+ Kf8 71. g7+ {Accuracy: White = 61%, Black = 25%.} 1-0

[Event "ESP-chT Primera Division 2019"]
[Site "Linares"]
[Date "2019.08.27"]
[Round "2.11"]
[White "Granero Roca, Antonio"]
[Black "Badillo Ramos, Steve"]
[Result "1-0"]
[WhiteElo "2354"]
[BlackElo "1967"]
[Annotator "TA"]
[PlyCount "133"]
[EventDate "2019.08.26"]
[EventType "team-tourn"]
[EventCountry "ESP"]
[SourceTitle "playchess.com"]
[Source "ChessBase"]
[SourceQuality "1"]

{[%evp 13,133,25,38,28,25,11,47,43,43,44,41,42,41,34,50,20,41,36,71,72,55,25,93,92,100,95,99,72,72,72,77,70,70,61,55,55,48,47,51,52,56,45,54,16,17,12,25,38,33,24,28,30,26,31,29,15,15,7,21,10,21,21,22,22,22,29,34,9,8,0,0,0,1,0,0,0,0,0,0,0,0,0,0,0,0,0,0,0,0,0,0,0,14,8,14,4,8,0,0,0,7,4,8,0,8,8,8,8,326,321,547,547,29979,29980,29978,4610,29981,29982,29982,29983,29983,29984]} 1. d4 d5 2. c4 c6 3. Nf3 Nf6 4. e3 Bf5 5. Nc3 e6 6. Nh4 Bg6 7. Nxg6 hxg6 8. g3 {D12: Slav Defence: 3 Nf3 Nf6 4 e3 Bf5} Nbd7 9. Bg2 (9. cxd5 exd5 10. Bg2 Be7 11. O-O O-O 12. f3 Qb6 13. Kh1 Rad8 14. Rb1 c5 15. Qd3 Qe6 {0-1 (49) Goganov,A (2580)-Korobov,A (2675) Karlsruhe 2019}) 9... Bd6 10. O-O {White is slightly better.} dxc4 11. Qe2 e5 12. Rd1 O-O 13. Qxc4 Qc7 14. Bd2 $146 ({Predecessor:} 14. dxe5 Nxe5 15. Qe2 Rfe8 {1-0 (64) Tomilin,A (2349)-Tarasova,V (2262) Belgorod 2008}) 14... Nb6 15. Qb3 Rfd8 16. Rac1 Qe7 17. a4 Nbd5 (17... e4 $11 {keeps the balance.}) 18. Nxd5 $16 cxd5 19. dxe5 Bxe5 20. Bb4 Qe6 21. Bc3 Rd7 22. Bd4 b6 23. Rc2 {[%cal Bc1c2,Bc2d2,Bd2d1][%mdl 32]} Rad8 24. Bxe5 Qxe5 25. Rd4 Ne4 26. Qb5 Nc5 27. Rcd2 Rd6 28. Bh3 a6 29. Qb4 $1 Ne4 {[#] aiming for ...a5.} 30. Rd1 Ng5 31. Bg4 f5 32. Be2 Ne6 33. R4d2 a5 34. Qa3 Kh7 35. b4 axb4 36. Qxb4 d4 37. h4 Qc5 38. Qxc5 Nxc5 39. Rxd4 Rxd4 40. exd4 Nxa4 $11 {[%mdl 4096] Endgame KRB-KRN} 41. Bf3 g5 42. hxg5 Kg6 43. d5 Rd6 44. Ra1 Nc5 45. Ra7 Ne4 46. g4 Nxg5 47. gxf5+ Kxf5 48. Bg2 g6 49. Re7 Kf6 50. Rc7 (50. Re8 {looks sharper.} Kf5 51. Kh2 b5 52. Kg3 Ra6 53. Rb8) 50... Nf7 51. Kf1 Ne5 52. Ke2 Nd7 53. Ke3 Nc5 54. Rc8 Ke7 55. Kd4 Rf6 56. f3 Rf4+ 57. Ke3 g5 58. Rc6 Rf5 59. d6+ Kd7 60. Rxb6 {Hoping for Bh3.} Ne6 $2 {[%mdl 8192]} (60... Na4 $11 {and Black has nothing to worry.}) 61. Ke4 $18 Ra5 $2 (61... Rf4+ 62. Ke5 Nd8 63. Bh3+ Ke8) 62. Bh3 Ra1 63. Ke5 Re1+ 64. Kf6 Re3 {[#]} 65. Bg4 $1 {White mates.} Re2 66. Kf7 Re3 67. Bxe6+ {Accuracy: White = 63%, Black = 53%.} 1-0

[Event "ESP-chT Primera Division 2019"]
[Site "Linares"]
[Date "2019.08.27"]
[Round "2.12"]
[White "Bermudez Revuelta, Paula"]
[Black "Garcia Molina, Jose"]
[Result "1-0"]
[WhiteElo "1702"]
[BlackElo "1939"]
[Annotator "NA"]
[PlyCount "73"]
[EventDate "2019.08.26"]
[EventType "team-tourn"]
[EventCountry "ESP"]
[SourceTitle "playchess.com"]
[Source "ChessBase"]
[SourceQuality "1"]
[TimeControl "5400+30"]

1. e4 {[%emt 0:00:00]} c5 {[%emt 0:00:08]} 2. Nf3 {[%emt 0:00:00]} d6 {[%emt 0:00:44]} 3. d4 {[%emt 0:00:00]} cxd4 {[%emt 0:00:09]} 4. Nxd4 {[%emt 0:00:00]} Nf6 {[%emt 0:00:19]} 5. Nc3 {[%emt 0:00:00]} a6 {[%emt 0:00:07]} 6. Be2 {[%emt 0:00:00]} e6 {[%emt 0:01:21]} 7. O-O {[%emt 0:00:00]} Be7 {[%emt 0:00:30]} 8. f4 {[%emt 0:00:07]} O-O {[%emt 0:01:39]} 9. Kh1 {[%emt 0:00:07]} Qc7 {[%emt 0:01:47]} 10. a4 {[%emt 0:00:10]} Nc6 {[%emt 0:02:07]} 11. Be3 {[%emt 0:00:09]} Bd7 {[%emt 0:01:10]} 12. Nb3 {[%emt 0:00:06]} Nb4 {[%emt 0:05:48]} 13. Bf3 {[%emt 0:03:06]} e5 {[%emt 0:07:49]} 14. f5 {[%emt 0:01:56]} d5 {[%emt 0:12:08]} 15. exd5 {[%emt 0:06:33]} Bxf5 {[%emt 0:00:43]} 16. Rc1 {[%emt 0:03:46]} Bd6 {[%emt 0:13:24]} 17. Be2 {[%emt 0:08:32]} Bg6 {[%emt 0:01:45]} 18. Bg5 {[%emt 0:04:09]} Nd7 {[%emt 0:10:17]} 19. Bh5 {[%emt 0:04:28]} Rae8 {[%emt 0:10:57]} 20. Bxg6 {[%emt 0:02:32]} hxg6 {[%emt 0:00:17]} 21. Ne4 {[%emt 0:00:54]} f5 {[%emt 0:01:05]} 22. Nxd6 {[%emt 0:03:54]} Qxd6 {[%emt 0:00:08]} 23. c3 {[%emt 0:01:35]} f4 {[%emt 0:07:36]} 24. cxb4 {[%emt 0:00:53]} Rf5 {[%emt 0:00:04]} 25. Bh4 {[%emt 0:03:54]} Qxb4 {[%emt 0:01:27]} 26. Be1 {[%emt 0:06:22]} Qd6 {[%emt 0:01:51]} 27. Na5 {[%emt 0:03:49]} e4 {[%emt 0:04:13]} 28. Nc4 {[%emt 0:05:11]} Qf6 {[%emt 0:04:18]} 29. Bc3 {[%emt 0:08:29]} Qg5 {[%emt 0:01:24]} 30. Rg1 {[%emt 0:02:30]} Qh4 {[%emt 0:04:48]} 31. Be1 {[%emt 0:02:10]} Qg5 {[%emt 0:00:11]} 32. Nd6 {[%emt 0:03:44]} Rxd5 {[%emt 0:00:16]} 33. Qb3 {[%emt 0:00:08]} Re6 {[%emt 0:02:37]} 34. Rc8+ {[%emt 0:02:22]} Nf8 {[%emt 0:00:02]} 35. Bb4 {[%emt 0:01:35]} e3 {[%emt 0:02:56]} 36. Rxf8+ {[%emt 0:00:37]} Kh7 {[%emt 0:00:01]} 37. Rh8+ {[%emt 0:00:25]} 1-0

[Event "ESP-chT Primera Division 2019"]
[Site "Linares"]
[Date "2019.08.27"]
[Round "2.13"]
[White "Andersen, Mads"]
[Black "Matnadze, Ana"]
[Result "0-1"]
[WhiteElo "2603"]
[BlackElo "2363"]
[Annotator "TA"]
[PlyCount "116"]
[EventDate "2019.08.26"]
[EventType "team-tourn"]
[EventCountry "ESP"]
[SourceTitle "playchess.com"]
[Source "ChessBase"]
[SourceQuality "1"]

{[%evp 18,120,19,0,23,18,75,78,65,50,36,23,68,72,80,67,54,15,108,90,109,108,95,118,128,81,76,86,98,83,97,95,107,100,106,94,129,133,196,193,197,188,197,203,194,166,176,183,211,208,208,0,188,184,184,158,243,256,255,250,232,229,272,258,322,251,239,136,147,-292,-291,-284,-275,-231,-235,-243,-232,-561,-560,-560,0,-246,0,-554,-546,-1783,-645,-1418,-589,-627,-636,-626,-586,-586,-586,-843,-831,-1353,-1352,-2156,-2006,-3382,-2057,-5181,-5165]} 1. Nf3 Nf6 2. g3 d5 3. Bg2 c6 4. c4 e6 5. O-O Be7 6. d4 O-O 7. Qc2 b6 8. Rd1 Ba6 9. b3 Nbd7 10. Nbd2 {[%cal Bb1d2,Bd2f1,Bf1e3][%mdl 32]} c5 {E09: Closed Catalan: Main Line: 7 Qc2 c6 8 Nbd2} (10... Qc7 11. e4 Rfc8 12. Bb2 Rab8 13. Rac1 Qd8 14. Bh3 Bb7 15. Qd3 c5 16. exd5 exd5 17. cxd5 Bxd5 18. Ne5 {1-0 (35) Fridman,D (2633)-Anton Guijarro,D (2642) Skopje 2018}) 11. e4 cxd4 (11... dxc4 $11 12. e5 (12. Nxc4 cxd4 13. Rxd4 Bc5 $11) 12... Nd5) 12. Nxd4 $16 {Hoping for Nc6.} Rc8 {White is better.} 13. exd5 exd5 14. Nf1 b5 {[%cal Rb5c4]} 15. Ne3 bxc4 16. Ndf5 Bc5 17. bxc4 $146 (17. b4 {with more complications.} Bxb4 18. Rb1 Bc5 19. Nxd5 Ng4 20. Nde3) ({Predecessor:} 17. b4 Bxb4 18. Qa4 Qa5 19. Qxa5 Bxa5 20. Ne7+ Kh8 21. Nxc8 Rxc8 22. Nxd5 {1-0 (73) Matheis,T (2397)-Polakovic,P (2445) ICCF email 2009}) 17... Nb6 (17... Bxc4 $11 {remains equal.} 18. Nxc4 dxc4) 18. Nxd5 Nbxd5 19. Bxd5 ({Worse is} 19. cxd5 Re8 $15) 19... Nxd5 20. Rxd5 ({Don't play} 20. cxd5 $6 Re8 $11) 20... Qe8 {...Qe1+ is the strong threat.} 21. Be3 Bxe3 22. Nxe3 $40 {[%mdl 128] White wants a kill.} Bb7 23. Rd4 f5 24. Nd5 Qe5 25. Rad1 Rfe8 26. Qd2 Bc6 27. Rd3 Qb8 (27... Kh8 $16 28. Re3 Qb8) 28. Qg5 $18 Kh8 29. Qxf5 Rf8 30. Qg4 Rce8 31. R3d2 Qe5 32. Qd4 Qb8 33. Rb2 Qc8 34. Rbd2 $2 (34. Qxa7 $18 {aiming for Qd4.} Qg4 35. Rc1) 34... Rf7 $2 (34... Qb8 $1 $11 {and Black stays safe.}) 35. Qc5 Qe6 36. Rd3 Qg6 (36... Qf5 $16 {was worth a try.}) 37. Re3 {Black must now prevent Rxe8+.} Ref8 38. Re2 Bb7 39. Rde1 Rf5 40. Qb4 Qc6 41. Re6 Qc8 42. Ne7 (42. Nf4 $18) 42... Qc5 $16 {[%csl Gf5,Gf8][%cal Rc5f2]} 43. Qxb7 $4 {[%mdl 8192]} (43. Qxc5 $1 $16 {is forced if you want to stay better.} Rxc5 44. Rc1) 43... Rxf2 $19 44. Kh1 Qh5 $1 {[%csl Gf2][%cal Rh5h2]} 45. Qg2 ({Not} 45. h4 $2 Qg4 $1 $19 {[%mdl 512]}) 45... Rxg2 46. Kxg2 Qf3+ 47. Kg1 $2 (47. Kh3) 47... Qf2+ 48. Kh1 Qf3+ (48... Qxa2 $142 {( -> ...Rf2)} 49. R6e2 Qxc4) 49. Kg1 {[#]} Qf2+ $2 (49... Qa3 $1 50. R6e2 Qc5+ 51. Kg2 Qxc4) 50. Kh1 Qxa2 {Strongly threatening ...Rf2.Black is clearly winning.} 51. R6e4 g6 (51... Rf2 $142 52. Rh4 g5) 52. Nd5 a5 (52... Rf2 $142 53. Rh4 g5) 53. Nf4 a4 {[%cal Ba5a4,Ba4a3][%mdl 32]} 54. c5 Qc2 55. R1e2 Qxc5 56. Kg2 {Now Ne6 and White clings on.} Qc6 {And now ...Re8 would win.} 57. Kh3 a3 58. Re6 Qa8 {Played: Qc6-d7} 0-1

[Event "ESP-chT Primera Division 2019"]
[Site "Linares"]
[Date "2019.08.27"]
[Round "2.14"]
[White "Gonzalez Merino, Alberto"]
[Black "Salgado Lopez, Ivan"]
[Result "0-1"]
[WhiteElo "2226"]
[BlackElo "2596"]
[Annotator "ChessBase"]
[PlyCount "74"]
[EventDate "2019.08.26"]
[EventType "team-tourn"]
[EventCountry "ESP"]
[SourceTitle "playchess.com"]
[Source "ChessBase"]
[SourceQuality "1"]
[TimeControl "5400+30"]

1. Nf3 {[%emt 0:00:00]} Nf6 {[%emt 0:00:06]} 2. c4 {[%emt 0:00:00]} b6 {[%emt 0:00:38]} 3. g3 {[%emt 0:00:08]} Bb7 {[%emt 0:00:39]} 4. Bg2 {[%emt 0:00:15]} g6 {[%emt 0:00:33]} 5. O-O {[%emt 0:01:36]} Bg7 {[%emt 0:00:09]} 6. Nc3 {[%emt 0:01:49]} O-O {[%emt 0:00:32]} 7. Qc2 {[%emt 0:04:28]} c5 {[%emt 0:01:12]} 8. e4 {[%emt 0:17:27]} Nc6 {[%emt 0:00:21]} 9. d3 {[%emt 0:00:29]} d6 {[%emt 0:00:16]} 10. a3 {[%emt 0:02:03]} e6 {[%emt 0:00:57]} 11. b3 {[%emt 0:07:44]} Ng4 {[%emt 0:01:21]} 12. Bb2 {[%emt 0:04:06]} Qd7 {[%emt 0:00:55]} 13. h3 {[%emt 0:06:43]} Nge5 {[%emt 0:00:36]} 14. Nxe5 {[%emt 0:00:50]} dxe5 {[%emt 0:01:26]} 15. Ne2 {[%emt 0:01:35]} Rad8 {[%emt 0:01:37]} 16. Rad1 {[%emt 0:00:32]} f5 {[%emt 0:00:27]} 17. f3 {[%emt 0:09:37]} f4 {[%emt 0:01:30]} 18. g4 {[%emt 0:04:59]} Bf6 {[%emt 0:01:18]} 19. Bc3 {[%emt 0:04:48]} Qe7 {[%emt 0:03:23]} 20. Qb2 {[%emt 0:01:02]} Ba6 {[%emt 0:02:38]} 21. Kh2 {[%emt 0:05:02]} b5 {[%emt 0:03:01]} 22. Qa1 {[%emt 0:06:33]} Kf7 {[%emt 0:03:24]} 23. Rh1 {[%emt 0:01:10]} Rd7 {[%emt 0:10:29]} 24. Bf1 {[%emt 0:04:17]} Rfd8 {[%emt 0:01:56]} 25. cxb5 {[%emt 0:02:41]} Bxb5 {[%emt 0:00:09]} 26. Nc1 {[%emt 0:00:03]} Nd4 {[%emt 0:05:42]} 27. Bxd4 {[%emt 0:00:34]} cxd4 {[%emt 0:00:07]} 28. Qb2 {[%emt 0:02:30]} Rc7 {[%emt 0:02:00]} 29. Kg1 {[%emt 0:00:55]} Rdc8 {[%emt 0:00:45]} 30. Rh2 {[%emt 0:00:05]} h5 {[%emt 0:04:56]} 31. Na2 {[%emt 0:00:33]} Bh4 {[%emt 0:02:19]} 32. Rc1 {[%emt 0:01:11]} Rxc1 {[%emt 0:00:52]} 33. Nxc1 {[%emt 0:00:01]} Be1 {[%emt 0:00:31]} 34. Na2 {[%emt 0:05:29]} Qh4 {[%emt 0:01:19]} 35. Qe2 {[%emt 0:00:09]} Bg3 {[%emt 0:01:28]} 36. Rh1 {[%emt 0:04:20]} Bxd3 {[%emt 0:01:22]} 37. Qg2 {[%emt 0:00:01]} Rc2 {[%emt 0:01:32]} 0-1

[Event "ESP-chT Primera Division 2019"]
[Site "Linares"]
[Date "2019.08.27"]
[Round "2.15"]
[White "Martins, David Pires Tavares"]
[Black "Rodriguez Amezqueta, Carlos"]
[Result "1-0"]
[WhiteElo "2427"]
[BlackElo "2063"]
[Annotator "TA"]
[PlyCount "125"]
[EventDate "2019.08.26"]
[EventType "team-tourn"]
[EventCountry "ESP"]
[SourceTitle "playchess.com"]
[Source "ChessBase"]
[SourceQuality "1"]

{[%evp 13,125,22,27,22,34,31,20,17,21,23,51,43,50,25,95,80,76,45,48,13,19,12,35,11,132,131,136,136,152,160,176,169,172,168,175,132,160,157,154,95,77,75,89,71,84,66,342,345,335,313,296,280,286,283,287,287,255,267,392,384,431,447,461,463,458,454,487,493,494,491,473,481,460,451,403,379,581,540,800,793,624,741,1145,1189,1228,1223,1212,1212,946,781,730,661,592,102,403,232,1722,1595,5031,4393,2191,1165,5652,5635,3172,2647,5732,5930,5350,4802,4614,4614,2212,1779]} 1. d4 e6 2. c4 f5 3. g3 Nf6 4. Bg2 g6 5. Nf3 Bg7 6. O-O O-O 7. Nc3 d6 8. Qb3 {A87: Dutch Defence: Leningrad System: 5 Nf3} (8. Rb1 a5 9. b3 Nc6 10. d5 Nb4 11. dxe6 Bxe6 12. Nd4 Bc8 13. Bb2 c6 14. e3 Qe7 15. a3 Na6 {½-½ (41) Shankland,S (2666)-Li,R (2577) Saint Louis 2017}) 8... Ne4 9. Rd1 Nc6 10. Be3 {The position is equal.} Nxc3 11. Qxc3 Qe7 $146 ({Predecessor:} 11... Qe8 12. Qb3 e5 13. c5+ Kh8 14. cxd6 f4 15. gxf4 exf4 {1-0 (40) Kislik,E (2376)-Lyell,M (2274) Budapest 2013}) 12. Qb3 Kh8 13. Qa3 Nd8 (13... a5 $11 {remains equal.}) 14. Rac1 Nf7 15. Bd2 Re8 16. Bb4 a5 17. c5 d5 18. Bd2 $36 {[%mdl 2048] White has the initiative.} e5 {[#]} (18... Bd7 $11 {keeps the balance.}) 19. Nxe5 $1 $16 Nxe5 20. dxe5 Bxe5 21. Bxd5 c6 22. Bf3 Be6 23. Bc3 ({Don't do} 23. Bxa5 $6 f4 $14) 23... Qf6 24. Rd3 f4 25. Bxe5 Qxe5 26. gxf4 ({White should try} 26. Rcd1) 26... Qxf4 27. Qc3+ Kg8 28. Rcd1 Rf8 29. Re3 Bd5 $2 {[%mdl 8192]} (29... Rfd8 $14 30. Ra1 (30. Rxd8+ Rxd8 31. Rd3 Rxd3 $11) 30... Bd5) 30. Rxd5 $18 cxd5 31. Bxd5+ {[%mdl 64] [#] Double Attack} Rf7 32. Bxf7+ Qxf7 {[%mdl 4096] Endgame KQR-KQR} 33. Qb3 Rc8 34. Rf3 Qxb3 35. Rxb3 {KR-KR} ({Inferior is} 35. axb3 Rxc5 36. Rd3 Rc2 $11) 35... Rc7 (35... Rxc5 {might work better.} 36. Rxb7 h6) 36. a4 Rxc5 37. Rxb7 Rc4 38. b3 Rc2 39. e3 Rb2 40. h4 h6 41. Kg2 Kf8 42. Kg3 Rb1 43. f3 Rg1+ 44. Kf4 Rh1 (44... Ke8 {keeps fighting.} 45. e4 Rh1) 45. Ke5 Rh3 46. f4 Rxe3+ 47. Kf6 {Strongly threatening Rb8+.} Ke8 48. Kxg6 Re4 49. f5 Rxh4 50. f6 Rg4+ 51. Kxh6 Rg3 52. Kh5 Kf8 53. Kh4 $2 (53. Ra7 $18 {is more deadly.} Rxb3 54. Rxa5) 53... Rg1 $2 {[%mdl 8192]} (53... Rg6 $16 {is more resistant.}) 54. Rg7 (54. Ra7 $142) 54... Rf1 $2 (54... Rb1 55. Rb7 Rg1) 55. Kg5 {White is clearly winning.} Rg1+ 56. Kf5 Rf1+ 57. Ke5 Re1+ 58. Kd4 Rf1 59. Rg5 Rf4+ 60. Kc3 Rf3+ 61. Kb2 Rxf6 62. Rxa5 Ke7 63. Rd5 {Accuracy: White = 77%, Black = 23%.} 1-0

[Event "ESP-chT Primera Division 2019"]
[Site "Linares"]
[Date "2019.08.27"]
[Round "2.16"]
[White "Fernandez Gonzalez, Juan Carlos"]
[Black "Sousa, Andre Ventura"]
[Result "0-1"]
[WhiteElo "2396"]
[BlackElo "2362"]
[Annotator "NA RC"]
[PlyCount "88"]
[EventDate "2019.08.26"]
[EventType "team-tourn"]
[EventCountry "ESP"]
[SourceTitle "playchess.com"]
[Source "ChessBase"]
[SourceQuality "1"]
[TimeControl "5400+30"]

1. d4 {[%emt 0:00:00]} Nf6 {[%emt 0:00:00]} 2. c4 {[%emt 0:00:00]} g6 {[%emt 0:00:00]} 3. Nc3 {[%emt 0:00:02]} d5 {[%emt 0:00:00]} 4. cxd5 {[%emt 0:01:11]} Nxd5 {[%emt 0:00:00]} 5. e4 {[%emt 0:00:23]} Nxc3 {[%emt 0:00:00]} 6. bxc3 {[%emt 0:00:05]} Bg7 {[%emt 0:00:02]} 7. Bc4 {[%emt 0:00:15]} c5 {[%emt 0:00:04]} 8. Be3 {[%emt 0:00:21]} Nc6 {[%emt 0:00:41]} 9. Ne2 {[%emt 0:00:11]} O-O {[%emt 0:00:05]} 10. O-O {[%emt 0:00:32]} Bg4 {[%emt 0:00:02]} 11. f3 {[%emt 0:00:25]} Bd7 {[%emt 0:00:05]} 12. Rb1 {[%emt 0:03:27]} Qc7 {[%emt 0:00:05]} 13. dxc5 {[%emt 0:02:13]} Na5 {[%emt 0:11:29]} 14. Bd3 {[%emt 0:25:09]} Rfd8 {[%emt 0:00:17]} 15. Qc2 {[%emt 0:05:37]} Be6 {[%emt 0:10:37]} 16. Rfd1 {[%emt 0:26:46]} Nc4 {[%emt 0:00:39]} 17. Bxc4 {[%emt 0:00:08]} Bxc4 {[%emt 0:00:20]} 18. Kh1 {[%emt 0:04:39]} Qa5 {[%emt 0:08:23]} 19. h3 {[%emt 0:11:58]} Bb5 {[%emt 0:24:37]} 20. Rxd8+ {[%emt 0:02:43]} Rxd8 {[%emt 0:00:08]} 21. Nd4 {[%emt 0:03:24]} Ba4 {[%emt 0:01:47]} 22. Qb2 {[%emt 0:00:22]} Bc6 {[%emt 0:27:27]} 23. a3 {[%emt 0:02:05]} Be5 {[%emt 0:02:18]} 24. Qb4 {[%emt 0:01:31]} Qa6 {[%emt 0:00:06]} 25. Nxc6 {[%emt 0:02:09]} bxc6 {[%emt 0:00:04]} 26. Bd4 {[%emt 0:00:10]} Bf4 {[%emt 0:00:14]} 27. e5 {[%emt 0:02:23]} Qd3 {[%emt 0:04:01]} 28. Qb2 {[%emt 0:01:31]} Qf5 {[%emt 0:02:42]} 29. Re1 {[%emt 0:01:12]} Qg5 {[%emt 0:01:28]} 30. Re4 {[%emt 0:02:22]} Qg3 {[%emt 0:02:13]} 31. Rxf4 {[%emt 0:00:02]} Qxf4 {[%emt 0:00:04]} 32. Qb7 {[%emt 0:00:17]} a5 {[%emt 0:00:24]} 33. Qb6 {[%emt 0:00:45]} Re8 {[%emt 0:00:23]} 34. Qb7 {[%emt 0:01:18]} a4 {[%emt 0:00:45]} 35. Kg1 {[%emt 0:00:15]} Kf8 {[%emt 0:00:47]} 36. Qb6 {[%emt 0:01:15]} Qc1+ {[%emt 0:01:47]} 37. Kh2 {[%emt 0:00:08]} Qxa3 {[%emt 0:00:03]} 38. e6 {[%emt 0:00:53]} Qb3 {[%emt 0:00:32]} 39. Qxc6 {[%emt 0:00:16]} Qb8+ {[%emt 0:01:54]} 40. Kg1 {[%emt 0:00:15]} a3 {[%emt 0:00:22]} 41. exf7 {[%emt 0:00:55]} Rd8 {[%emt 0:01:30]} 42. Qe4 {[%emt 0:00:41]} a2 {[%emt 0:00:21]} 43. c4 {[%emt 0:00:08]} Qb1+ {[%emt 0:00:05]} 44. Kh2 {[%emt 0:00:11]} Qxe4 {[%emt 0:00:05]} 0-1

[Event "ESP-chT Primera Division 2019"]
[Site "Linares"]
[Date "2019.08.27"]
[Round "2.17"]
[White "Gomez Dieguez, David"]
[Black "Iglesias Ferreira, Andres"]
[Result "1-0"]
[WhiteElo "2296"]
[BlackElo "1845"]
[Annotator "NA"]
[PlyCount "59"]
[EventDate "2019.08.26"]
[EventType "team-tourn"]
[EventCountry "ESP"]
[SourceTitle "playchess.com"]
[Source "ChessBase"]
[SourceQuality "1"]
[TimeControl "5400+30"]

1. e4 {[%emt 0:00:00]} c5 {[%emt 0:00:00]} 2. Nc3 {[%emt 0:00:00]} e6 {[%emt 0:00:00]} 3. Nf3 {[%emt 0:00:00]} a6 {[%emt 0:00:06]} 4. g3 {[%emt 0:00:00]} b5 {[%emt 0:00:31]} 5. d4 {[%emt 0:00:09]} cxd4 {[%emt 0:00:08]} 6. Nxd4 {[%emt 0:00:04]} Bb7 {[%emt 0:00:16]} 7. Bg2 {[%emt 0:00:05]} b4 {[%emt 0:00:18]} 8. Na4 {[%emt 0:00:45]} Nf6 {[%emt 0:00:55]} 9. O-O {[%emt 0:00:04]} d6 {[%emt 0:07:24]} 10. Re1 {[%emt 0:02:10]} Qc7 {[%emt 0:01:23]} 11. c3 {[%emt 0:14:35]} bxc3 {[%emt 0:05:42]} 12. Nxc3 {[%emt 0:00:06]} Nbd7 {[%emt 0:07:10]} 13. Nd5 {[%emt 0:17:17]} Qd8 {[%emt 0:22:52]} 14. Qa4 {[%emt 0:09:41]} Be7 {[%emt 0:04:41]} 15. Nxe7 {[%emt 0:01:02]} Qxe7 {[%emt 0:00:13]} 16. e5 {[%emt 0:00:45]} Nd5 {[%emt 0:03:02]} 17. exd6 {[%emt 0:01:53]} Qf6 {[%emt 0:12:44]} 18. Nc6 {[%emt 0:14:33]} N7b6 {[%emt 0:03:39]} 19. d7+ {[%emt 0:00:09]} Kxd7 {[%emt 0:09:57]} 20. Ne5+ {[%emt 0:00:10]} Ke7 {[%emt 0:02:22]} 21. Qa3+ {[%emt 0:00:55]} Ke8 {[%emt 0:00:51]} 22. Be3 {[%emt 0:09:33]} Nd7 {[%emt 0:13:16]} 23. Nc4 {[%emt 0:05:52]} Bc6 {[%emt 0:02:46]} 24. Nd6+ {[%emt 0:00:45]} Kf8 {[%emt 0:00:55]} 25. Rac1 {[%emt 0:05:14]} Ne5 {[%emt 0:00:45]} 26. Ne4+ {[%emt 0:00:50]} Qe7 {[%emt 0:00:22]} 27. Bc5 {[%emt 0:00:10]} f5 {[%emt 0:00:10]} 28. Bxe7+ {[%emt 0:00:35]} Nxe7 {[%emt 0:00:02]} 29. Ng5 {[%emt 0:00:26]} Bxg2 {[%emt 0:00:58]} 30. Kxg2 {[%emt 0:00:21]} 1-0